000 00865nam a2200229 a 4500
001 64166
003 BD-RjUL
005 20211209081258.0
008 170209s1982 bg ||||| b||| 00| 0 ara d
035 _a(BD-RjUL)64296
040 _aBD-RjUL
_bben
_cBD-RjUL
041 _aben
_aara
082 _223
_a492.75
_bAME 1982
245 0 0 _aআমেল শতক /
_cমুহম্মদ নকিবুল্লাহ
260 _aপাবনা :
_bমহম্মদ হাবিবুল্লাহ,
_c১৯৮২
300 _a১৪৪ পৃ. ;
_c২১ সেমি.
504 _aগ্রন্থপঞ্জি সংযু্ক্ত
650 _aআরবী ভাষা
_9172359
_vব্যাকরণ
650 _aArabic language
_9190561
_vGrammar.
700 _aনকিবুল্লাহ, মুহম্মদ
_9173173
942 _2ddc
_cBK
999 _c64166
_d64166